|
|
|
|
| LEADER |
00000nam0a2200000 4500 |
| 001 |
379516 |
| 005 |
20240221112803.0 |
| 035 |
|
|
|a (RuTPU)RU\TPU\retro\36983
|
| 090 |
|
|
|a 379516
|
| 100 |
|
|
|a 20231011d1949 k||y0rusy50 ca
|
| 101 |
0 |
|
|a rus
|
| 102 |
|
|
|a RU
|
| 105 |
|
|
|a y z 100yy
|
| 181 |
|
0 |
|a i
|b e
|
| 182 |
|
0 |
|a n
|
| 183 |
|
0 |
|a nc
|2 RDAcarrier
|
| 200 |
1 |
|
|a Материалы партийно-технической конференции по обмену опытом внедрения скоростного резания на промышленных предприятиях Кировского района г. Томска, 24-25 июня 1949 года
|f Кировский райком ВКП(Б)
|
| 203 |
|
|
|a Текст
|b визуальный
|c непосредственный
|
| 210 |
|
|
|a Томск
|c Полиграфиздат
|d 1949
|
| 215 |
|
|
|a 58 с.
|
| 283 |
|
|
|a volume
|2 RDAcarrier
|
| 464 |
|
1 |
|a Розенберг Александр Минеевич
|t Скоростное резание металлов и его внедрение на заводах Кировского района г. Томска
|
| 606 |
1 |
|
|a Резание металлов, скоростное
|9 48891
|
| 610 |
1 |
|
|a Коллекция История ТПУ
|
| 610 |
1 |
|
|a промышленные предприятия
|
| 610 |
1 |
|
|a история
|
| 610 |
1 |
|
|a Томск
|
| 610 |
1 |
|
|a скоростное резание
|
| 610 |
1 |
|
|a материалы конференции
|
| 675 |
|
|
|a 621.9.025(063)
|v 4
|z rus
|
| 712 |
1 |
2 |
|a Кировская районная партийно-техническая конференция по обмену опытом внедрения скоростного резания металлов на промышленных предприятиях
|c конференция
|e Томск
|f 1949
|4 570
|
| 712 |
0 |
2 |
|a Томск
|b Городской комитет ВКП(б)
|b Кировский райком
|c (1930-1952)
|9 28666
|4 570
|
| 801 |
|
1 |
|a RU
|b 63413507
|c 20231011
|
| 942 |
|
|
|c BK
|